MARC

LEADER 00000nam0a2200000 4500
001 119370
005 20231031124529.0
020 |a RU  |b 87-49748 
035 |a (RuTPU)RU\TPU\book\129194 
090 |a 119370 
100 |a 20070630d1987 km a0rusy5003 ca 
101 0 |a rus 
102 |a RU 
105 |a a z 001zy 
200 1 |a Асимптотические методы оптимального управления  |f Л. Д. Акуленко 
210 |a Москва  |c Наука  |d 1987 
215 |a 365 с.  |c ил. 
320 |a Библиогр.: с. 356-365 (261 назв.). 
610 1 |a автоматическое управление оптимальное 
610 1 |a колебания нелинейные 
610 1 |a математические исследования 
610 1 |a асимптотические методы 
610 1 |a оптимальное управление 
610 1 |a задачи 
610 1 |a нелинейные системы 
610 1 |a управляемые системы 
610 1 |a твердые тела 
610 1 |a ориентация 
610 1 |a стабилизация 
675 |a 681.513.5.015.23  |z rus 
700 1 |a Акуленко  |b Л. Д.  |g Леонид Денисович  |4 070 
801 0 |a RU  |b RuMRKP  |c 19950417  |g psbo 
801 1 |a RU  |b 63413507  |c 20070630  |g PSBO 
801 2 |a RU  |b 63413507  |c 20141010  |g PSBO 
942 |c BK